000 00462nam a2200181Ia 4500
001 1958
005 20260306143807.0
008 260306t2004||||xx |||||||||||||| ||spa||
041 _aESP
082 _a158.7
_bA37 2004
100 _aAlcover de la Hera, Carlos María
_eAUT
245 0 _aIntroducción a la psicología del trabajo
260 _c2004
300 _axxiii, 589 páginas :
_c25 cm.
650 _aGEN
654 _aCPS
942 _cLIB
_dJUS
_fJUS
_2ddc
_n
999 _c1958
_d1958